[Event "NRW Class2 1314"]
[Site "Germany"]
[Date "2013.12.08"]
[Round "4.4"]
[White "Khasin, Abram Iosifovich"]
[Black "Schroeder, Kevin"]
[Result "0-1"]
[WhiteElo "2144"]
[BlackElo "2171"]
[PlyCount "58"]
[EventDate "2013.09.15"]
[EventType "team-tourn"]
[EventRounds "9"]
[EventCountry "GER"]
[SourceTitle "EXT 2015"]
[Source "ChessBase"]
[SourceDate "2014.11.20"]
[SourceVersion "1"]
[SourceVersionDate "2014.11.20"]
[SourceQuality "1"]
[WhiteTeam "Holsterhausen"]
[BlackTeam "Lippstadt Turm"]
[WhiteTeamCountry "GER"]
[BlackTeamCountry "GER"]

1. d4 Nf6 2. c4 g6 3. Nc3 d5 4. cxd5 Nxd5 5. Na4 Bg7 6. e4 Nb6 7. Nf3 0-0 8. Be2 Bg4 9. Be3 Nxa4 10. Qxa4 c5 11. dxc5 Bxb2 12. Rb1 Bc3+ 13. Kf1 Bxf3 14. gxf3 Nc6 15. h4 Bd4 16. Rxb7 Rc8 17. h5 Bxe3 18. fxe3 Qd2 19. Qa3 Rb8 20. Rxb8 Rxb8 21. Qd3 Qxa2 22. hxg6 hxg6 23. Kf2 Rb2 24. f4 Rd2 25. Qb5 a6 26. Qxc6 Rxe2+ 27. Kf3 Rf2+ 28. Kg3 Rg2+ 29. Kh3 Qf2 0-1

[Event "Ruhrgebiet Regionalliga 1112"]
[Site "Nordrheinwestfalen"]
[Date "2011.10.23"]
[Round "2.2"]
[White "Brodsky, Michail"]
[Black "Khasin, Abram Iosifovich"]
[Result "1-0"]
[WhiteElo "2554"]
[BlackElo "2169"]
[PlyCount "59"]
[EventDate "2011.09.25"]
[EventType "team-tourn"]
[EventRounds "9"]
[EventCountry "GER"]
[SourceTitle "EXT 2020"]
[Source "ChessBase"]
[SourceDate "2019.10.17"]
[SourceVersion "1"]
[SourceVersionDate "2019.10.17"]
[SourceQuality "1"]
[WhiteTeam "Hattingen"]
[BlackTeam "Holsterhausen SK"]
[WhiteTeamCountry "GER"]
[BlackTeamCountry "GER"]

1. d4 d5 2. c4 e6 3. Nc3 c6 4. Nf3 dxc4 5. Bg5 f6 6. Bd2 b5 7. g3 Bb7 8. Bg2 a6 9. 0-0 c5 10. dxc5 Bxc5 11. b3 Nd7 12. bxc4 bxc4 13. Rb1 Bc6 14. Qc2 Rc8 15. Ne4 Bd5 16. Rfd1 Qc7 17. Nxc5 Nxc5 18. Bb4 Ne7 19. Nd2 Bxg2 20. Kxg2 Qc6+ 21. Kg1 Nb7 22. Qxc4 Qxc4 23. Nxc4 Nd5 24. Ba3 Rxc4 25. Rxb7 Rg8 26. e4 Rc7 27. Rb8+ Kf7 28. Rxg8 Kxg8 29. exd5 exd5 30. Bd6 1-0

[Event "Ruhrgebiet Verbandsliga2 1011"]
[Site "Nordrheinwestfalen"]
[Date "2011.04.10"]
[Round "9.3"]
[White "Khasin, Abram Iosifovich"]
[Black "Hillebrand, Carsten"]
[Result "1-0"]
[WhiteElo "2200"]
[BlackElo "1880"]
[PlyCount "83"]
[EventDate "2010.09.12"]
[EventType "team-tourn"]
[EventRounds "9"]
[EventCountry "GER"]
[SourceTitle "EXT 2020"]
[Source "ChessBase"]
[SourceDate "2019.10.17"]
[SourceVersion "1"]
[SourceVersionDate "2019.10.17"]
[SourceQuality "1"]
[WhiteTeam "Holsterhausen SK"]
[BlackTeam "Dortmund FS 98"]
[WhiteTeamCountry "GER"]
[BlackTeamCountry "GER"]

1. d4 Nf6 2. c4 g6 3. Nc3 Bg7 4. e4 d6 5. f3 0-0 6. Be3 a6 7. Qd2 Nbd7 8. Nge2 c5 9. d5 b5 10. cxb5 Ne5 11. Nc1 axb5 12. Nxb5 Ba6 13. Rb1 Qd7 14. a4 Rfb8 15. b4 Bxb5 16. Bxb5 Rxb5 17. axb5 Nc4 18. Qd3 Nxe3 19. Qxe3 Qxb5 20. Qe2 c4 21. 0-0 Nd7 22. Rd1 Rc8 23. Rd2 g5 24. Na2 Ra8 25. Rc2 Ra3 26. Rxc4 Qb6+ 27. Kh1 Bf6 28. Rc6 Qd4 29. b5 Re3 30. Qd1 Rd3 31. Qf1 Rd2 32. Nb4 Be5 33. Nc2 Qa4 34. Ne3 Qa2 35. Nf5 Rf2 36. Rc8+ Nf8 37. Nxe7+ Kg7 38. Nf5+ Kf6 39. Qxf2 Qxb1+ 40. Qg1 Qxg1+ 41. Kxg1 Ng6 42. b6 1-0

[Event "Ruhrgebiet-ch Seniors 18th"]
[Site "Essen"]
[Date "2011.04.05"]
[Round "5"]
[White "Rosen, Willy"]
[Black "Khasin, Abram Iosifovich"]
[Result "1/2-1/2"]
[WhiteElo "2192"]
[BlackElo "2169"]
[PlyCount "120"]
[EventDate "2011.03.28"]
[EventType "swiss"]
[EventRounds "9"]
[EventCountry "GER"]
[SourceTitle "EXT 2012"]
[Source "ChessBase"]
[SourceDate "2011.11.24"]
[SourceVersion "1"]
[SourceVersionDate "2011.11.24"]
[SourceQuality "1"]

1. e4 e6 2. d4 d5 3. Nc3 Nf6 4. Bg5 dxe4 5. Nxe4 Nbd7 6. Nxf6+ Nxf6 7. Nf3 h6 8. Bd2 c5 9. Bb5+ Bd7 10. Qe2 cxd4 11. Nxd4 Bc5 12. Bxd7+ Qxd7 13. Nf3 0-0 14. 0-0 Rfd8 15. Rfd1 Qc7 16. c4 a5 17. Bc3 Ng4 18. Rxd8+ Rxd8 19. Rf1 Bb4 20. Rc1 Bxc3 21. Rxc3 Qd6 22. g3 b6 23. h3 Qd1+ 24. Qxd1 Rxd1+ 25. Kg2 Nf6 26. c5 bxc5 27. Rxc5 Rd5 28. Rc8+ Kh7 29. Rf8 Rb5 30. b3 a4 31. bxa4 Rb2 32. Ne1 Rxa2 33. Rxf7 Rxa4 34. Re7 Ra6 35. Nd3 Nd5 36. Rd7 Nf6 37. Rd8 Kg6 38. g4 Kf7 39. Ne5+ Ke7 40. Rb8 Kd6 41. Nc4+ Kc5 42. Ne3 Nd5 43. h4 Ra3 44. Kf3 Kd4 45. Rd8 Ra7 46. h5 Rf7+ 47. Kg3 Ke4 48. Nxd5 exd5 49. Re8+ Kd3 50. f4 d4 51. f5 Kc2 52. Rc8+ Kd2 53. Rd8 d3 54. Kf4 Kc2 55. g5 hxg5+ 56. Kxg5 Rf6 57. Rc8+ Kd1 58. Rc7 d2 59. Rxg7 Rd6 60. Ra7 Ke2 1/2-1/2

[Event "Ruhrgebiet Verbandsliga2 1011"]
[Site "Nordrheinwestfalen"]
[Date "2011.03.20"]
[Round "8.3"]
[White "Watzlawek, Markus"]
[Black "Khasin, Abram Iosifovich"]
[Result "1-0"]
[WhiteElo "2027"]
[BlackElo "2200"]
[PlyCount "81"]
[EventDate "2010.09.12"]
[EventType "team-tourn"]
[EventRounds "9"]
[EventCountry "GER"]
[SourceTitle "EXT 2020"]
[Source "ChessBase"]
[SourceDate "2019.10.17"]
[SourceVersion "1"]
[SourceVersionDate "2019.10.17"]
[SourceQuality "1"]
[WhiteTeam "Eichlinghofen SV"]
[BlackTeam "Holsterhausen SK"]
[WhiteTeamCountry "GER"]
[BlackTeamCountry "GER"]

1. d4 d5 2. c4 e6 3. Nf3 c6 4. Qc2 Nf6 5. g3 b6 6. Bg2 Bb4+ 7. Bd2 Be7 8. 0-0 0-0 9. Rd1 Nbd7 10. Bf4 Nh5 11. Bc1 Nhf6 12. b3 Bb7 13. Nc3 c5 14. cxd5 exd5 15. dxc5 bxc5 16. Ng5 Nb6 17. Bb2 g6 18. Nge4 Nfd7 19. Nd2 Qb8 20. e3 Rd8 21. Nf3 Bc6 22. h4 Qb7 23. Qe2 a5 24. Ng5 h6 25. Nh3 Nf6 26. Rac1 a4 27. Nf4 axb3 28. axb3 Nc8 29. Qc2 Bf8 30. Na4 Ne8 31. Nxc5 Qb5 32. Nxg6 fxg6 33. Qxg6+ Ng7 34. Ne6 Be8 35. Qxh6 Ra6 36. Bxg7 Rxe6 37. Qh8+ Kf7 38. Qxf8+ Kg6 39. h5+ Kxh5 40. Bf3+ Kg6 41. Qh8 1-0

[Event "Ruhrgebiet Regionalliga 0405"]
[Site "Ruhrgebiet"]
[Date "2005.04.17"]
[Round "9.1"]
[White "Frohne, Gerd"]
[Black "Khasin, Abram Iosifovich"]
[Result "0-1"]
[WhiteElo "2102"]
[BlackElo "2269"]
[PlyCount "104"]
[EventDate "2004.09.19"]
[EventType "team"]
[EventRounds "9"]
[EventCountry "GER"]
[SourceTitle "EXT 2006"]
[Source "ChessBase"]
[SourceDate "2005.11.24"]
[SourceVersion "1"]
[SourceVersionDate "2005.11.24"]
[SourceQuality "1"]
[WhiteTeam "Gladbeck SG"]
[BlackTeam "Holsterhausen"]
[WhiteTeamCountry "GER"]
[BlackTeamCountry "GER"]

1. d4 Nf6 2. c4 e6 3. Nf3 b6 4. a3 c5 5. d5 Ba6 6. Qc2 exd5 7. cxd5 g6 8. Bf4 d6 9. Nc3 Bg7 10. Qa4+ Qd7 11. Bxd6 Qxa4 12. Nxa4 Nxd5 13. 0-0-0 Ne7 14. e4 Bxf1 15. Rhxf1 Nbc6 16. Nc3 Bxc3 17. bxc3 Rd8 18. Bc7 Rd7 19. Bf4 f6 20. h4 Rf8 21. Kc2 Na5 22. Bh6 Rxd1 23. Rxd1 Rf7 24. Bf4 Nec6 25. Bg3 Nc4 26. a4 Rd7 27. Rxd7 Kxd7 28. Nd2 N6a5 29. Bf4 Nxd2 30. Bxd2 Ke6 31. Bf4 c4 32. Bb8 Nc6 33. Bc7 g5 34. hxg5 fxg5 35. Kd2 Kd7 36. Bh2 Nd8 37. Ke3 Ne6 38. Be5 Kc6 39. f4 gxf4+ 40. Bxf4 a5 41. Bg3 Nc5 42. Kd4 Nxa4 43. Kxc4 Nc5 44. Kd4 a4 45. c4 a3 46. Be1 a2 47. Bc3 Nb3+ 48. Ke5 a1Q 49. Bxa1 Nxa1 50. Kf6 Nc2 51. e5 Ne3 52. e6 Nxc4 0-1

[Event "Ruhrgebiet Regionalliga 0405"]
[Site "Ruhrgebiet"]
[Date "2005.02.06"]
[Round "6.1"]
[White "Khasin, Abram Iosifovich"]
[Black "Janssen, Ruud"]
[Result "0-1"]
[WhiteElo "2269"]
[BlackElo "2408"]
[PlyCount "86"]
[EventDate "2004.09.19"]
[EventType "team"]
[EventRounds "9"]
[EventCountry "GER"]
[SourceTitle "EXT 2006"]
[Source "ChessBase"]
[SourceDate "2005.11.24"]
[SourceVersion "1"]
[SourceVersionDate "2005.11.24"]
[SourceQuality "1"]
[WhiteTeam "Holsterhausen"]
[BlackTeam "Erkenschwick"]
[WhiteTeamCountry "GER"]
[BlackTeamCountry "GER"]

1. Nf3 Nf6 2. g3 d5 3. Bg2 c6 4. 0-0 Bg4 5. d3 Nbd7 6. h3 Bh5 7. Nbd2 e5 8. e4 Bd6 9. c3 0-0 10. Qc2 Re8 11. Nh4 Bf8 12. Ndf3 a5 13. Be3 dxe4 14. dxe4 Nc5 15. Rfd1 Qc7 16. a4 Red8 17. Rxd8 Rxd8 18. Ne1 Nfd7 19. Bf1 Nb6 20. f3 f6 21. Qf2 Ncd7 22. c4 Bf7 23. b3 Nc8 24. Rd1 b6 25. Nd3 Nc5 26. Qb2 Nxd3 27. Rxd3 Rxd3 28. Bxd3 Qd7 29. Bf1 Be6 30. g4 Bc5 31. Bxc5 bxc5 32. Qf2 Qd4 33. Ng2 Kf7 34. Ne1 Qc3 35. Nd3 Qxb3 36. Nxc5 Qb4 37. Nxe6 Kxe6 38. g5 fxg5 39. h4 Kd6 40. hxg5 Qc5 41. Bh3 Nb6 42. Bf5 h6 43. gxh6 gxh6 0-1

[Event "Ruhrgebiet Regionalliga 0405"]
[Site "Ruhrgebiet"]
[Date "2004.10.17"]
[Round "2.1"]
[White "Khasin, Abram Iosifovich"]
[Black "Schlange, Stefan"]
[Result "1-0"]
[WhiteElo "2269"]
[BlackElo "2194"]
[PlyCount "107"]
[EventDate "2004.09.19"]
[EventType "team"]
[EventRounds "9"]
[EventCountry "GER"]
[SourceTitle "EXT 2006"]
[Source "ChessBase"]
[SourceDate "2005.11.24"]
[SourceVersion "1"]
[SourceVersionDate "2005.11.24"]
[SourceQuality "1"]
[WhiteTeam "Holsterhausen"]
[BlackTeam "Wattenscheid III"]
[WhiteTeamCountry "GER"]
[BlackTeamCountry "GER"]

1. d4 d5 2. c4 e5 3. dxe5 d4 4. Nf3 Nc6 5. g3 Nge7 6. Bg5 h6 7. Bxe7 Qxe7 8. Bg2 Bg4 9. Nbd2 0-0-0 10. Qb3 d3 11. 0-0-0 dxe2 12. Rde1 Nb4 13. Rxe2 Bf5 14. Ne1 Qd7 15. a3 Nc6 16. Bd5 Bc5 17. Nef3 Bb6 18. Rd1 Na5 19. Qc3 c6 20. Be4 Bxe4 21. Rxe4 c5 22. Ree1 Qa4 23. Qc2 Qc6 24. b4 cxb4 25. axb4 Bxf2 26. Re2 Bb6 27. bxa5 Bxa5 28. Ne4 Kb8 29. Nd4 Qb6 30. Nd6 Bb4 31. N4b5 a6 32. Qa4 Qc5 33. Rd5 axb5 34. Qxb5 Qxb5 35. Rxb5 Bxd6 36. exd6 Rhe8 37. Reb2 Rd7 38. c5 Rc8 39. Kd2 Rc6 40. Kd3 Ka7 41. Ra2+ Kb8 42. Rba5 Rcxd6+ 43. cxd6 Rxd6+ 44. Ke4 g6 45. Ra8+ Kc7 46. Rc2+ Kd7 47. Rb8 Rb6 48. Rf2 f5+ 49. Kd5 Rb5+ 50. Kc4 Rb6 51. Re2 Rb1 52. Rg8 Rb6 53. Rg7+ Kd8 54. Ra2 1-0

[Event "Ruhrgebiet VL1 0304"]
[Site "Ruhrgebiet"]
[Date "2004.04.25"]
[Round "9.1"]
[White "Hort, Vlastimil"]
[Black "Khasin, Abram Iosifovich"]
[Result "1/2-1/2"]
[WhiteElo "2477"]
[BlackElo "2274"]
[PlyCount "58"]
[EventDate "2003.09.28"]
[EventType "team"]
[EventRounds "9"]
[EventCountry "GER"]
[SourceTitle "EXT 2007"]
[Source "ChessBase"]
[SourceDate "2006.11.23"]
[SourceVersion "1"]
[SourceVersionDate "2006.11.23"]
[SourceQuality "1"]
[WhiteTeam "Oberhausen"]
[BlackTeam "Holsterhausen"]
[WhiteTeamCountry "GER"]
[BlackTeamCountry "GER"]

1. d4 Nf6 2. c4 e6 3. Nc3 Bb4 4. Qc2 0-0 5. a3 Bxc3+ 6. Qxc3 b6 7. Nf3 Bb7 8. e3 a5 9. b3 d6 10. Be2 Nbd7 11. 0-0 Qe7 12. Bb2 Ne4 13. Qc2 f5 14. Rad1 Ndf6 15. d5 e5 16. Ne1 Bc8 17. f3 Nc5 18. b4 axb4 19. axb4 Na4 20. Ba1 Bd7 21. g3 Qf7 22. Kg2 b5 23. cxb5 Nb6 24. f4 e4 25. Bd4 Rfb8 26. Bc4 Nxc4 27. Qxc4 Rb7 28. Ra1 Rab8 29. b6 cxb6 1/2-1/2

[Event "Ruhrgebiet VL1 0304"]
[Site "Ruhrgebiet"]
[Date "2004.01.11"]
[Round "5.1"]
[White "Khasin, Abram Iosifovich"]
[Black "Thormann, Andre"]
[Result "1-0"]
[WhiteElo "2274"]
[BlackElo "2018"]
[PlyCount "57"]
[EventDate "2003.09.28"]
[EventType "team"]
[EventRounds "9"]
[EventCountry "GER"]
[SourceTitle "EXT 2007"]
[Source "ChessBase"]
[SourceDate "2006.11.23"]
[SourceVersion "1"]
[SourceVersionDate "2006.11.23"]
[SourceQuality "1"]
[WhiteTeam "Holsterhausen"]
[BlackTeam "Brambauer"]
[WhiteTeamCountry "GER"]
[BlackTeamCountry "GER"]

1. d4 c5 2. d5 e5 3. e4 d6 4. Nc3 g6 5. f4 Bg7 6. Nf3 Nd7 7. f5 a6 8. a4 Ngf6 9. Bd3 0-0 10. 0-0 Re8 11. Nd2 Rb8 12. Qf3 Nf8 13. g4 g5 14. Nc4 h6 15. a5 N6h7 16. Be3 f6 17. Rfb1 Qc7 18. b4 Nd7 19. Na4 Bf8 20. Ncb6 Be7 21. Bc4 cxb4 22. Rxb4 Nhf8 23. Qh3 Kg7 24. Qh5 Nxb6 25. Bxb6 Qd7 26. Ba7 b5 27. Bxb8 Bb7 28. Nb6 Qd8 29. Ba7 1-0

[Event "NRW-ch op Seniors 14th"]
[Site "Beverungen"]
[Date "2003.06.22"]
[Round "9.3"]
[White "Kempen, Willi"]
[Black "Khasin, Abram Iosifovich"]
[Result "0-1"]
[WhiteElo "2166"]
[BlackElo "2404"]
[PlyCount "44"]
[EventDate "2003.06.14"]
[EventType "swiss"]
[EventRounds "9"]
[EventCountry "GER"]
[SourceTitle "EXT 2004"]
[Source "ChessBase"]
[SourceDate "2003.11.25"]
[SourceVersion "1"]
[SourceVersionDate "2003.11.25"]
[SourceQuality "1"]

1. e4 c5 2. Nf3 e6 3. d4 cxd4 4. Nxd4 a6 5. c4 Nf6 6. Bd3 Nc6 7. Nxc6 dxc6 8. 0-0 e5 9. h3 Bc5 10. Qe2 0-0 11. Bg5 h6 12. Bxf6 Qxf6 13. Nd2 Be6 14. a3 a5 15. Rab1 a4 16. Nf3 Rfd8 17. Rbd1 h5 18. Nh2 g6 19. Bb1 Qf4 20. Rd3 Kg7 21. Rxd8 Rxd8 22. Qf3 Rd2 0-1

[Event "NRW-ch op Seniors 14th"]
[Site "Beverungen"]
[Date "2003.06.21"]
[Round "8.2"]
[White "Khasin, Abram Iosifovich"]
[Black "Lukovski, Lev"]
[Result "1-0"]
[WhiteElo "2404"]
[BlackElo "2062"]
[PlyCount "53"]
[EventDate "2003.06.14"]
[EventType "swiss"]
[EventRounds "9"]
[EventCountry "GER"]
[SourceTitle "EXT 2004"]
[Source "ChessBase"]
[SourceDate "2003.11.25"]
[SourceVersion "1"]
[SourceVersionDate "2003.11.25"]
[SourceQuality "1"]

1. d4 g6 2. e4 Bg7 3. c3 d6 4. f4 e6 5. Nf3 Nd7 6. Be3 b6 7. Nbd2 Bb7 8. Bd3 Ne7 9. 0-0 f5 10. Ng5 Nf8 11. exf5 gxf5 12. Qh5+ Kd7 13. Qf7 Rg8 14. Nxe6 Nxe6 15. Bxf5 Bd5 16. c4 Bxd4 17. cxd5 Bxe3+ 18. Kh1 Qe8 19. Bxe6+ Kd8 20. Qxe8+ Rxe8 21. Ne4 Bd4 22. Ng5 c5 23. dxc6 Bxb2 24. Bd7 Ng8 25. Rae1 Re7 26. Rxe7 Kxe7 27. Re1+ 1-0

[Event "NRW-ch op Seniors 14th"]
[Site "Beverungen"]
[Date "2003.06.20"]
[Round "7.1"]
[White "Khanukov, Boris"]
[Black "Khasin, Abram Iosifovich"]
[Result "1-0"]
[WhiteElo "2339"]
[BlackElo "2404"]
[PlyCount "77"]
[EventDate "2003.06.14"]
[EventType "swiss"]
[EventRounds "9"]
[EventCountry "GER"]
[SourceTitle "EXT 2004"]
[Source "ChessBase"]
[SourceDate "2003.11.25"]
[SourceVersion "1"]
[SourceVersionDate "2003.11.25"]
[SourceQuality "1"]

1. d4 d5 2. c4 e6 3. Nc3 c6 4. e3 Nf6 5. Nf3 Nbd7 6. Bd3 dxc4 7. Bxc4 b5 8. Bd3 Bb7 9. 0-0 b4 10. Ne4 Nxe4 11. Bxe4 Nf6 12. Bd3 Be7 13. e4 Nd7 14. Be3 0-0 15. Rc1 Qa5 16. Bb1 c5 17. Nd2 Qb5 18. Qh5 g6 19. Qh6 Rfc8 20. Nf3 c4 21. Ng5 Nf8 22. h4 Qe8 23. e5 f5 24. exf6 Bxf6 25. Ne4 Bg7 26. Qg5 Bxe4 27. Bxe4 Rab8 28. Rfe1 Rb5 29. Qg4 Nd7 30. Qe2 Nb6 31. Bf3 Rd8 32. Rcd1 Rd6 33. Bg4 h5 34. Bf3 Qf7 35. b3 e5 36. d5 Nxd5 37. Qxc4 Ra5 38. Bc5 Rd7 39. Bxd5 1-0

[Event "NRW-ch op Seniors 14th"]
[Site "Beverungen"]
[Date "2003.06.17"]
[Round "4.1"]
[White "Bakhmatov, Eduard"]
[Black "Khasin, Abram Iosifovich"]
[Result "1/2-1/2"]
[WhiteElo "2321"]
[BlackElo "2404"]
[PlyCount "34"]
[EventDate "2003.06.14"]
[EventType "swiss"]
[EventRounds "9"]
[EventCountry "GER"]
[SourceTitle "EXT 2004"]
[Source "ChessBase"]
[SourceDate "2003.11.25"]
[SourceVersion "1"]
[SourceVersionDate "2003.11.25"]
[SourceQuality "1"]

1. e4 Nf6 2. Nc3 d5 3. e5 Nfd7 4. d4 c5 5. dxc5 e6 6. Nf3 Nc6 7. Bf4 Bxc5 8. Bd3 f6 9. exf6 Nxf6 10. Qe2 0-0 11. 0-0-0 Bd7 12. Rhe1 a6 13. Ne5 Nd4 14. Qd2 Nb5 15. Na4 Ba7 16. Be3 d4 17. Bg5 Rc8 1/2-1/2

[Event "Ruhrgebiet-ch Seniors 10th"]
[Site "Essen"]
[Date "2003.04.08"]
[Round "8"]
[White "Khasin, Abram Iosifovich"]
[Black "Scheipl, Ralf"]
[Result "1/2-1/2"]
[WhiteElo "2386"]
[BlackElo "2166"]
[PlyCount "67"]
[EventDate "2003.04.??"]
[EventType "swiss"]
[EventRounds "9"]
[EventCountry "GER"]
[SourceTitle "EXT 2006"]
[Source "ChessBase"]
[SourceDate "2005.11.24"]
[SourceVersion "1"]
[SourceVersionDate "2005.11.24"]
[SourceQuality "1"]

1. d4 Nf6 2. c4 g6 3. Nf3 Bg7 4. Nc3 0-0 5. Bg5 d6 6. e3 c5 7. d5 h6 8. Bh4 Bg4 9. Be2 Nbd7 10. h3 Bxf3 11. Bxf3 Qb6 12. Rb1 Qb4 13. Qb3 Nb6 14. Bxf6 Bxf6 15. Be2 a5 16. 0-0 Qxb3 17. axb3 a4 18. Nxa4 Nxa4 19. bxa4 Rxa4 20. b3 Ra2 21. Bd3 Rd2 22. Rfd1 Rxd1+ 23. Rxd1 Ra8 24. Rb1 Bc3 25. Rc1 Bb4 26. g4 Ra2 27. Rb1 Kg7 28. Kg2 Kf6 29. Kg3 Ra3 30. Bf1 b6 31. Bg2 Bc3 32. h4 g5 33. hxg5+ hxg5 34. Be4 1/2-1/2